RESOURCES of bamboo and its utilisation in Asia Pacific region : based on the work of Y. M. L. Sharma

Bibliographic Details
Corporate Author: Food and Agriculture Organization of the United Nations (FAO)
Other Authors: Sharma
Format: Book
Published: Kuala Lumpur : Food and Agriculture Organization of the United Nations , 1983
Series:Working paper; no. 21
Subjects:

MARC

LEADER 00000cam a2200000 7i4500
001 0000001843
005 20020218.0
090 0 0 |a FAO633.58095   |b RES 1983 
245 0 0 |a RESOURCES of bamboo and its utilisation in Asia Pacific region :   |b based on the work of Y. M. L. Sharma 
260 0 0 |a Kuala Lumpur :   |b Food and Agriculture Organization of the United Nations ,   |c 1983 
300 |a 42 p. ;   |c 30 cm. 
440 0 0 |a Working paper; no. 21 
500 0 0 |a Bibliography : p. 40-41 
650 0 0 |a Bamboo   |z Asia 
700 0 1 |a Sharma   |h Y. M. L. 
710 1 1 |a Food and Agriculture Organization of the United Nations (FAO) 
998 |a JPSM 
999 |a 0000002898   |b Monograph   |c Open Shelf   |e Default branch